Adan buenosayres /
Guardado en:
| Autor Principal: | |
|---|---|
| Formato: | Libro |
| Publicado: |
Barcelona :
Agea,
2000
|
| Series: | Clarín la biblioteca argentina. Serie Clásicos, 31 / dirigida por Ricardo Piglia y Osvaldo Tcherkaski
|
| Materias: | |
| Etiquetas: |
Agregar Etiqueta
Sin Etiquetas, Sea el primero en etiquetar este registro!
|
| LEADER | 01229nam a22002295a 4500 | ||
|---|---|---|---|
| 001 | CEM.cems011946 | ||
| 005 | 20101202121254.0 | ||
| 008 | 130507s2000##################000#0#####d | ||
| 003 | CEMS | ||
| 020 | |a 8495594544 | ||
| 082 | 0 | 4 | |a A863.4 |
| 100 | 1 | |a Marechal, Leopoldo | |
| 245 | 1 | 0 | |a Adan buenosayres / |c Leopoldo Marechal |
| 260 | |a Barcelona : |b Agea, |c 2000 | ||
| 300 | |a 620 p. | ||
| 490 | 0 | |a Clarín la biblioteca argentina. Serie Clásicos, 31 / dirigida por Ricardo Piglia y Osvaldo Tcherkaski | |
| 505 | 0 | |a El autor en su prólogo menciona que comenzó a escribir esta obra en París en el año 1930, allí relata la vida de este personaje y nos dice que al cabo de sus cinco libros transcribe los dos manuscritos que Adanbuenosires le confiera en la hora de su muerte por lo tanto esta composición contiene las siguientes partes: Libro primero -- Libro segundo -- Libro tercero -- Libro cuarto -- Libro quinto -- Libro sexto [El Cuaderno de Tapas Azules] -- Libro séptimo [Viaje a la Oscura Ciudad de Cacodelphia] -- | |
| 653 | |a Literatura | ||
| 653 | |a Literatura argentina-siglo xx | ||
| 653 | |a Miscelánea | ||
| 653 | |a Narrativa argentina. | ||
| 859 | |a CEMS |b BIB. CEMS - 11 de abril |h A863.4 |i M334-1 |p 23073.05 |t Ej.1 | ||
